| 000 | 00408pab a2200157 454500 | ||
|---|---|---|---|
| 008 | 180718b1996 xxu||||| |||| 00| 0 eng d | ||
| 100 | _aAnand, Y.P. | ||
| 245 |
_aA people's election manifesto _ba Gandhian minimum needs constructive programme. |
||
| 260 | _c1996 | ||
| 300 | _ap.14-18 | ||
| 362 | _a13 Apr | ||
| 650 | _aElections - India | ||
| 650 | _aElections | ||
| 773 | _aMainstream | ||
| 909 | _a31012 | ||
| 999 |
_c31012 _d31012 |
||